Includes bibliographies (Record no. 15375)

000 -LEADER
fixed length control field 00588nam a22002171 4500
001 - CONTROL NUMBER
control field 15375
003 - CONTROL NUMBER IDENTIFIER
control field BD-DhUET
008 - FIXED-LENGTH DATA ELEMENTS--GENERAL INFORMATION
fixed length control field 731030m19621966njua b 000 0 eng
040 ## - CATALOGING SOURCE
Original cataloging agency DLC
Transcribing agency DLC
Modifying agency BD-DhUET
082 00 - DEWEY DECIMAL CLASSIFICATION NUMBER
Classification number 543
Item number FUR/1966
100 ## - MAIN ENTRY--PERSONAL NAME
Personal name Furman, N. Howell
245 00 - TITLE STATEMENT
Title Includes bibliographies
250 ## - EDITION STATEMENT
Edition statement 6th ed.
260 ## - PUBLICATION, DISTRIBUTION, ETC. (IMPRINT)
Place of publication, distribution, etc. New York
Name of publisher, distributor, etc. Van Nostrand Reinhold
Date of publication, distribution, etc. 1966
300 ## - PHYSICAL DESCRIPTION
Extent xi, (975-2018)p.
Other physical details ill.
500 ## - GENERAL NOTE
General note Vol.3 (Instrumental methods)
Part. B
504 ## - BIBLIOGRAPHY, ETC. NOTE
Bibliography, etc Includes bibliographies
650 #0 - SUBJECT ADDED ENTRY--TOPICAL TERM
Topical term or geographic name as entry element Chemistry, Analytic
700 ## - ADDED ENTRY--PERSONAL NAME
Personal name Welcher, Frank J.
942 ## - ADDED ENTRY ELEMENTS (KOHA)
Koha item type Edited Book
Holdings
Price effective from Not for loan Source of classification or shelving scheme Date acquired Copy number Shelving location Koha normalized classification for sorting Damaged status Koha date last seen Sublocation or collection (holding branch) Koha item type Lost status Withdrawn status Koha full call number Piece designation (barcode) Location (home branch)
2015-03-12  2015-03-121Circulation section543_000000000000000_FUR_1966 2015-03-12Central Library, BUETEdited Book  543/FUR/196628818Central Library, BUET
2015-03-12  2015-03-122Circulation section543_000000000000000_FUR_1966 2015-03-12Central Library, BUETEdited Book  543/FUR/196628828Central Library, BUET
2015-03-12  2015-03-124Circulation section543_000000000000000_FUR_1966 2015-03-12Central Library, BUETEdited Book  543/FUR/196628836Central Library, BUET
2015-03-12  2015-03-125Circulation section543_000000000000000_FUR_1966 2015-03-12Central Library, BUETEdited Book  543/FUR/196628831Central Library, BUET
2015-03-12  2015-03-126Circulation section543_000000000000000_FUR_1966 2015-03-12Central Library, BUETEdited Book  543/FUR/196638894Central Library, BUET
2015-03-12  2015-03-127Circulation section543_000000000000000_FUR_1966 2018-02-20Central Library, BUETEdited Book  543/FUR/196628827Central Library, BUET
2015-03-12  2015-03-128Circulation section543_000000000000000_FUR_1966 2015-03-12Central Library, BUETEdited Book  543/FUR/196628837Central Library, BUET
2015-03-12  2015-03-129Circulation section543_000000000000000_FUR_1966 2015-03-12Central Library, BUETEdited Book  543/FUR/196628826Central Library, BUET
2015-03-12  2015-03-1210Circulation section543_000000000000000_FUR_1966 2015-03-12Central Library, BUETEdited Book  543/FUR/196628832Central Library, BUET